A Dialogue between the ghost of General Montgomery just arrived from the Elysian Fields; and an American delegate, in a wood near Philadelphia.

Bibliographic Details
Other Authors: Paine, Thomas, 1737-1809, Bell, Robert, 1732?-1784
Format: Book Chapter
Language:English
Series:Early American imprints. Evans (1639-1800) ; no. 14966.
Subjects:
Online Access:Evans Digital Edition

MARC

Tag First Indicator Second Indicator Subfields
LEADER 00000caa a2200000 a 4500
001 in00002139483
006 m e d #
007 cr mn mmmmabba
008 820826s1776 pau s 000 0 eng d
005 20260330215949.3
035 |z w037934 
035 |a MAAR8208262304B 
035 |9 mwa91-8944 
035 |a 317215 
035 |a aas03037934 
040 |a MWA  |c MWA  |e bdrb  |d UtOrBLW 
245 0 2 |a A Dialogue between the ghost of General Montgomery just arrived from the Elysian Fields; and an American delegate, in a wood near Philadelphia. 
264 3 |a [Philadelphia] :  |b Printed, and sold by R. Bell, in Third-Street,  |c MDCCLXXVI. [1776] 
300 |a 16 pages ;  |c 20 cm. (octavo) 
336 |a text  |b txt  |2 rdacontent 
337 |a computer  |b c  |2 rdamedia 
338 |a online resource  |b cr  |2 rdacarrier 
500 |a First published in the Pennsylvania packet, Feb. 19, 1776. 
500 |a Issued as part of: Paine, Thomas. Common sense; with the whole appendix ... Philadelphia : R. Bell, 1776 (Evans 14966). Sometimes attributed to Paine for that reason, though it is unlikely that Paine was the author. 
500 |a "Robert Bell, bookseller, to the public."--pages [1-2]. With an advertisement at foot of page [2] for Thomas Simes's Military guide for young officers. 
510 4 |a Evans  |c 14966 
510 4 |a Hildeburn, C.R. Pennsylvania,  |c 3435 
510 4 |a Adams, T.R. Amer. pamphlets,  |c 222e 
530 |a Microform version available in the Readex Early American Imprints series. 
533 |a Electronic text and image data.  |b [Chester, Vt. :  |c Readex, a division of Newsbank, Inc.,  |d 2002-2004.  |e Includes files in TIFF, GIF and PDF formats with inclusion of keyword searchable text.  |f (Early American imprints. First series ; no. 14966). 
500 |a Electronic resource. 
600 1 0 |a Montgomery, Richard,  |d 1738-1775. 
650 0 |a Freedom of the press. 
651 0 |a United States  |x Politics and government  |y 1775-1783. 
655 7 |a Dialogues.  |2 rbgenr 
655 7 |a Booksellers' advertisements  |z Pennsylvania  |z Philadelphia.  |2 rbgenr 
700 1 |a Paine, Thomas,  |d 1737-1809. 
700 1 2 |a Bell, Robert,  |d 1732?-1784.  |t Robert Bell, bookseller, to the public. 
752 |a United States  |b Pennsylvania  |d Philadelphia. 
773 0 |t [Unknown host]. 
830 0 |a Early American imprints.  |n Series I,  |p Evans (1639-1800) ;  |v no. 14966. 
856 4 1 |u http://proxy.library.tamu.edu/login?url=https://opac.newsbank.com/select/evans/14966  |y Evans Digital Edition  |t 0 
999 |a MARS 
999 f f |s 3aaab0f8-2355-3391-b644-ac9db0147012  |i 5218ce0c-048c-3c1c-86e7-2f413492880d  |t 0 
952 f f |a Texas A&M University  |b College Station  |c Electronic Resources  |s www_evans  |d Available Online  |t 0  |h No information provided 
998 f f |t 0  |l Available Online